|
|
|
|
| LEADER |
00000nam0a2200000 4500 |
| 001 |
81395 |
| 005 |
20231031095133.0 |
| 035 |
|
|
|a (RuTPU)RU\TPU\book\87495
|
| 090 |
|
|
|a 81395
|
| 100 |
|
|
|a 20050920d1987 km y0rusy50 ca
|
| 101 |
0 |
|
|a rus
|
| 102 |
|
|
|a BY
|
| 105 |
|
|
|a a z 001zy
|
| 200 |
1 |
|
|a Структура, топология и свойства пленочных резисторов
|f Л. И. Гурский, В. А. Зеленин, А. П. Жебин, Г. Л. Вахрин
|g Академия наук Белорусской ССР; Физико-технический институт; под ред. В. А. Лабунова
|
| 210 |
|
|
|a Минск
|c Наука и техника
|d 1987
|
| 215 |
|
|
|a 264 с.
|c ил.
|
| 320 |
|
|
|a Библиогр.: с. 255-261.
|
| 610 |
1 |
|
|a электротехника
|
| 610 |
1 |
|
|a резисторы
|
| 610 |
1 |
|
|a пленочные резисторы
|
| 610 |
1 |
|
|a структура
|
| 610 |
1 |
|
|a свойства
|
| 610 |
1 |
|
|a топология
|
| 610 |
1 |
|
|a физические основы
|
| 610 |
1 |
|
|a фазовый состав
|
| 610 |
1 |
|
|a расчеты
|
| 610 |
1 |
|
|a испытания
|
| 675 |
|
|
|a 621.316.8
|v 3
|
| 701 |
|
1 |
|a Гурский
|b Л. И.
|g Леонид Ильич
|
| 701 |
|
1 |
|a Зеленин
|b В. А.
|g Виктор Алексеевич
|
| 701 |
|
1 |
|a Жебин
|b А. П.
|g Анатолий Петрович
|
| 701 |
|
1 |
|a Вахрин
|b Г. Л.
|g Гелий Львович
|
| 702 |
|
1 |
|a Лабунов
|b В. А.
|4 340
|
| 712 |
0 |
2 |
|a Академия наук Белорусской ССР (АН БССР)
|b Физико-технический институт (ФТИ)
|c (Минск)
|2 stltpush
|3 (RuTPU)RU\TPU\col\12058
|
| 801 |
|
1 |
|a RU
|b 63413507
|c 20050920
|g PSBO
|
| 801 |
|
2 |
|a RU
|b 63413507
|c 20080219
|g PSBO
|
| 942 |
|
|
|c BK
|